Statistics for Countries by Rare 2-Letter Block

Click here to take the quiz!

General Stats

  • This quiz has been taken 53 times
  • The average score is 25 of 46

Answer Stats

@@ Countries % Correct
ZIBrazil - Zimbabwe
97%
BRBrazil - Brunei
97%
GHAfghanistan - Ghana
87%
WESweden - Zimbabwe
85%
FIFiji - Finland
82%
RWNorway - Rwanda
79%
NYGermany - Kenya
79%
YPCyprus - Egypt
77%
KEKenya - Turkey
77%
HOHonduras - Lesotho
72%
KAKazakhstan - Sri Lanka
72%
IMEast Timor - Zimbabwe
67%
IJAzerbaijan - Fiji
67%
CUCuba - Ecuador
67%
EIBrunei - Liechtenstein
67%
PRCyprus - São Tomé and Príncipe
64%
QUEquatorial Guinea - Mozambique
62%
GYEgypt - Kyrgyzstan
62%
SRIsrael - Sri Lanka
59%
AOLaos - São Tomé and Príncipe
59%
UEMozambique - Venezuela
56%
SSGuinea-Bissau - Russia
54%
VOIvory Coast - Kosovo
54%
IPPhilippines - São Tomé and Príncipe
54%
OCDemocratic Republic
of the Congo - Morocco
51%
EWNew Zealand - Papua New Guinea
51%
WIMalawi - Switzerland
51%
AHBahamas - Bahrain
46%
YRKyrgyzstan - Syria
46%
RMArmenia - Germany
44%
NMDenmark - Myanmar
44%
EYSeychelles - Turkey
44%
PIEthiopia - Philippines
41%
OTBotswana - Lesotho
41%
RLNetherlands - Switzerland
38%
TSBotswana - Saint Kitts and Nevis
38%
RYHungary - Ivory Coast
36%
EOGeorgia - Sierra Leone
31%
LLMarshall Islands - Seychelles
31%
SHBangladesh - Marshall Islands
28%
GIBelgium - Georgia
26%
LDMaldives - Moldova
26%
RRAndorra - Sierra Leone
26%
ACMonaco - North Macedonia
18%
IUBelgium - Mauritius
15%
RDCape Verde - Jordan
10%

Score Distribution

Percentile by Number Answered

Percent of People with Each Score

Your Score History

You have not taken this quiz